LEADER 00916nam0 2200277 450 001 000030874 005 20120921091539.0 100 $a20120220d1940----km-y0itaa50------ba 101 0 $aita 102 $aIT 200 1 $aAntiche poesie provenzali$fGiulio Bertoni 205 $a2. ed 210 $aModena$cSocietā tipografica modenese$d1940 215 $a106 p.$d18 cm 225 2 $aTesti e manuali$v3 410 0$12001$aTesti e manuali$v3 700 1$aBertoni,$bGiulio$0158355 801 0$aIT$bUniversitā della Basilicata - B.I.A.$gRICA$2unimarc 912 $a000030874 996 $aAntiche poesie provenzali$994107 997 $aUNIBAS BAS $aLETTERE CAT $aSTD076$b01$c20120220$lBAS01$h0856 CAT $aTTM$b30$c20120921$lBAS01$h0915 FMT Z30 -1$lBAS01$LBAS01$mBOOK$1BASA1$APolo Storico-Umanistico$2GEN$BCollezione generale$3FP/16293$616293$5L16293$820120220$f02$FPrestabile Generale